| 000 | 00906nac a22002771i 4500 | ||
|---|---|---|---|
| 003 | EG-ScBUE | ||
| 005 | 20240919113708.0 | ||
| 008 | 240919t2006 njua f b 001 0 eng d | ||
| 020 | _a0131984527 | ||
| 020 | _a9780131984523 | ||
| 040 |
_aEG-ScBUE _beng _erda _cEG-ScBUE _dEG-ScBUE |
||
| 082 | 0 | 4 |
_a512.7 _bSIL _222 |
| 100 | 1 |
_aSilverman, Joseph H., _eauthor. |
|
| 245 | 1 | 2 |
_aA friendly introduction to number theory / _cJoseph H. Silverman, Brown University. |
| 250 | _aThird edition. | ||
| 264 | 1 |
_aNew Jersey : _bPearson Prentice Hall, _c[2006] |
|
| 264 | 4 | _cc2006 | |
| 300 |
_avii, 434 pages : _billustrations ; _c24 cm |
||
| 336 |
_2rdacontent _atext _btxt |
||
| 337 |
_aunmediated _2rdamedia _bn |
||
| 338 |
_avolume _bnc _2rdacarrier |
||
| 504 | _aIncludes bibliographical references and index. | ||
| 650 | 7 |
_aNumber theory _vTextbooks. _2BUEsh |
|
| 655 | _vReading book | ||
| 942 |
_cBB _2ddc |
||
| 999 |
_c1325 _d1325 |
||